书目信息 |
| 题名: |
建筑结构原理与设计
|
|
| 作者: | 施楚贤 主编 | |
| 分册: | ||
| 出版信息: | 长沙 湖南大学出版社 1998.08 |
|
| 页数: | 343页 | |
| 开本: | 32开 | |
| 丛书名: | ||
| 单 册: | ||
| 中图分类: | TU318 | |
| 科图分类: | ||
| 主题词: | 建筑结构--理论 , 建筑结构--结构计算 | |
| 电子资源: | ||
| ISBN: | 7-81053-106-9 | |
| 000 | 00602nam0 2200205 45 | |
| 001 | 0010121132 | |
| 005 | 20001012114613.6 | |
| 010 | @a7-81053-106-9@d27.00元 | |
| 100 | @a20001012d1998 km y0chiy0120 ea | |
| 101 | 0 | @achi |
| 105 | @a z 000yy | |
| 200 | 1 | @a建筑结构原理与设计@AJian Zhu Jie Gou Yuan Li Yu She Ji@f施楚贤主编@FShi Chu Xian Zhu Bian |
| 210 | @a长沙@c湖南大学出版社@d1998.08 | |
| 215 | @a343页@d32开 | |
| 606 | 0 | @a建筑结构@x理论 |
| 606 | 0 | @a建筑结构@x结构计算 |
| 690 | @aTU318@v3 | |
| 701 | 0 | @a施楚贤@4主编 |
| 801 | @aCN@bPftUser@c20001012 | |
| 905 | @b176414-415@dTU318@eSH883@f2 | |
| 建筑结构原理与设计/施楚贤主编.-长沙:湖南大学出版社,1998.08 |
| 343页;32开 |
| ISBN 7-81053-106-9:27.00元 |
| ● |
| 相关链接 |
|
|
|
正题名:建筑结构原理与设计
索取号:TU318/SH883
 
预约/预借
| 序号 | 登录号 | 条形码 | 馆藏地/架位号 | 状态 | 备注 |
| 1 | 176414 | 201764144 | 建筑库101/101建筑库 80排2列3层/ [索取号:TU318/SH883] | 在馆 | |
| 2 | 176415 | 201764153 | 建筑库101/101建筑库 80排2列3层/ [索取号:TU318/SH883] | 在馆 |